Agriculture and Rural Development in a Globalising World: Challenges and Opportunities. (Record no. 9994)

MARC details
000 -LEADER
fixed length control field 00496nam a22001577a 4500
008 - FIXED-LENGTH DATA ELEMENTS--GENERAL INFORMATION
fixed length control field 240902b |||||||| |||| 00| 0 eng d
020 ## - INTERNATIONAL STANDARD BOOK NUMBER
International Standard Book Number 9781138231825
082 ## - DEWEY DECIMAL CLASSIFICATION NUMBER
Classification number 338.10
100 ## - MAIN ENTRY--PERSONAL NAME
Personal name Pingali Prabhu
245 ## - TITLE STATEMENT
Title Agriculture and Rural Development in a Globalising World: Challenges and Opportunities.
Remainder of title Challenges and Opportunities.
260 ## - PUBLICATION, DISTRIBUTION, ETC.
Place of publication, distribution, etc. New York
Name of publisher, distributor, etc. Routledge
Date of publication, distribution, etc. 2017
300 ## - PHYSICAL DESCRIPTION
Extent xxiii, 380 p.;
Dimensions 23.5 Cm.
700 ## - ADDED ENTRY--PERSONAL NAME
Personal name Feder Gershon
Relator term Editor.
942 ## - Added entry Elements (Koha)
Source of classification or shelving scheme Dewey Decimal Classification
Holdings
Withdrawn status Lost status Source of classification or shelving scheme Damaged status Not for loan Collection code Home library Current library Shelving location Date acquired Serial Enumeration / chronology Total Checkouts Full call number Barcode Date last seen Price effective from Koha item type
    Dewey Decimal Classification     Main TEST RTC Library RTC Library Main opac 02/09/2024 18732   338.10 PIN 30019883 02/09/2024 02/09/2024 Main
Royal Thimphu College || All Right Reserved